Quizzes
Events
Quiz Creation
Community
Videos
Private Events
Remove Ads
Sign In
Join for FREE
Feedback
Dark Mode
Quiz Categories
Sports
Geography
Music
Movies
Television
Just For Fun
Miscellaneous
History
Literature
Language
Science
Gaming
Entertainment
Religion
Holiday
For Kids
Quiz Lab
Recent
Popular Today
Quiz Kudos Today
Editor Picks
Curator Picks
Quizzes by...
Day
Popularity
Type
Ratings
Length
Year
Community
Subscriptions
Recent Discussions
Orange Saloon
Badges
Playlists
Quests
Create
Leaderboards
Showdown
Live 5
Trivia Bingo
Activity
Puzzle Library
Sporcle Events
Private Events
Virtual Trivia
Globe League
Become a Host
Pub Owners
SporcleCon
Opinionation
Our Games
Videos
Blog
Mobile Apps
Partnerships
Remove Ads and Go Orange
Feedback
Television
TV Characters
TV Show
Sitcom
Network
Friends
Reality Shows
Cast
South Park
Star Trek
The Simpsons
Doctor Who
Television
TV Characters
TV Show
Sitcom
Network
Friends
Reality Shows
Cast
South Park
Star Trek
The Simpsons
Doctor Who
Random Quiz
Search Sporcle
×
Quiz Lab
Quiz Lab
Television
Fringe
Type in answers that appear in a list
Type in answers that appear in a list
Classic
Best Score? Go Orange.
Fringe Characters Stats
Can you name the Fringe Characters?
By
rurudo66
10m
30 Questions
66 Plays
66 Plays
66 Plays
Comments
Comments
Give Quiz Kudos
Give Quiz Kudos
-
- Ratings
hide this ad
Replay
Link that replays current quiz
Next Quiz
Link to next quiz in quiz playlist
You Got
0%
They Got
Avg Score
61%
Avg Friend Score
Upgrade to see
Score Distribution
Jump to the score distribution portion of the page
Score
0/30
Timer
10:00
0
Plays Today
Actor
Character
% Correct
John Noble
Walter Bishop
98.5%
Joshua Jackson
Peter Bishop
97%
Anna Torv
Olivia Dunham
95.5%
Jasika Nicole
Astrid Farnsworth
95.5%
Lance Reddick
Phillip Broyles
93.9%
Blair Brown
Nina Sharp
92.4%
Leonard Nimoy
William Bell
89.4%
Mark Valley
John Scott
86.4%
Kirk Acevedo
Charles Francis
81.8%
Jared Harris
David Robert Jones
80.3%
Emily Mead
Ella Blake
80.3%
Seth Gabel
Lincoln Lee
78.8%
Michael Cerveris
September
78.8%
Ari Gaynor
Rachel Dunham
77.3%
Sebastian Roché
Thomas Jerome Newton
72.7%
Actor
Character
% Correct
Kevin Corrigan
Sam Weiss
60.6%
Ryan McDonald
Brandon Fayette
57.6%
Peter Woodward
August
57.6%
Eugene Lipinski
December
56.1%
Orla Brady
Elizabeth Bishop
53%
David Call
Nick Lane
48.5%
Chance Kelly
Mitchell Loeb
47%
Andre Royo
Henry Higgins
34.8%
Michael Gaston
Samford Harris
33.3%
Amos Stern
July
31.8%
David Haysom
January
22.7%
Omar Metwally
James Heath
19.7%
Pascale Hutton
Sally Clark
16.7%
Jennifer Ferrin
Susan Pratt
10.6%
Chadwick Boseman
Cameron James
7.6%
Quiz Playlist
Details
Report
Send in Message
Add To Playlist
Classic:
Type in answers that appear in a list
Quiz Source
Last Updated: Feb 16, 2017
Quiz Scoreboard
CHALLENGE
Sign Up to Join the Scoreboard
Show All
Scores
Hide
Comments
May contain spoilers
Recently Published
College Basketball Coaching Resumes
by pancakes188
Sports
9m
Billboard Blitz: Fleetwood Mac
by CooCooCachoo
Music
15s
Presidents Visiting Landmarks
by Hejman
History
7m
More to Explore
Quiz From the Vault
Featured Blog Post
Where Did the Easter Bunny Come From?
hide this ad
You Might Also Like...
Tags
Fringe
Fringe Characters
Today's Top Quizzes in Television
Browse Television
hide this ad
Today's Top Quizzes in Fringe
Browse Fringe
Top Contributed Quizzes in Television
1
5-to-1: The Simpsons Families
2
5-to-1: Television Doctors
3
7-to-1: TV Show Settings
4
5-to-1: Streaming Originals
5
One Piece Logic Puzzle
6
Survivor Seasons
7
Survivor Logic Puzzle: Heroes vs. Villains
8
All US Survivor Seasons in Order
9
TV Shows by First Names
10
Survivor Season by Logo
Explore More
Trending Topics
Crossword
Marvel
NBA
Anime
Kpop
Harry Potter
Disney
NFL
Puzzle
WWE
Country
Song
Soccer
Pokémon
The Office
hide this ad
More By:
rurudo66
Quiz
Plays
Rating
Category
Featured
Created
Fairy Tail Characters
21,531
4.33
Television
Jan 24, 2012
Heroes and Villains in CW DC Universe
1,804
5.00
Entertainment
Jul 26, 2016
Naruto Shippuden Characters
1,629
4.00
Television
Aug 25, 2011
One Piece Devil Fruits
1,573
4.25
Television
Mar 3, 2011
Naruto Chakra Natures
962
4.50
Entertainment
Mar 26, 2012
Go to Creator's Profile
Score Distribution
Quiz Creator Spotlight
rurudo66
Follow
Send a Message
Quizzes Created
-
Created Quiz Play Count
-
More By This Creator
Popular Quizzes Today
1
Find the US States - No Outlines Minefield
2
Find the Countries of Europe - No Outlines Minefield
3
The Countries of the World
4
Find the US States
5
Risky Map Clicking: Biggest States A-Z
6
US States
7
Popular People in 1961
8
Movies - When Are They Set?
More Television Quizzes
True or False Blitz: Game of Thrones
Published
Trending Quizzes
Risky Map Clicking: Least Populous States A-Z
1-10 Letter G Words
1-10 Letter F Words
Risky Map Clicking: Next State Alphabetically
Risky Map Clicking: Biggest States A-Z
Recently Updated
Leaping Animals
pecheneg
Reality TV Shows (A-Z)
bhenderson79
Rickey Henderson's Hall of Fame Teammates
pecheneg
Champions League XIs: Arsenal
pecheneg
Quick Pick: Celebrities in WWE's Hall of Fame
aduchscher
A-Z Keypad Blitz II
pecheneg
Multiple Oscar Actors
pecheneg
Mystery Phrase Blitz: Oscar 'Best Actors'
pecheneg
F. Scott Fitzgerald Novels
LTH
Pick 3 Villains
ddd62291
Trending Topics
Kpop
Disney
Anime
Harry Potter
Marvel
Crossword
NBA
WWE
The Office
Pokémon
Song
Country
Soccer
NFL
Puzzle
Your Account Isn't Verified!
In order to create a playlist on Sporcle, you need to verify the email address you used during registration. Go to your
Sporcle Settings
to finish the process.
Report this User
Report this user for behavior that violates our
Community Guidelines
.
Details:
Send Report
Go to the Sporcle.com Mobile Site →
Comments